[Event "Titled Tuesday intern op 27th Feb Late"]
[Site "Chess.com INT"]
[Date "2024.02.27"]
[Round "9"]
[White "Goroshkov, Maksym"]
[Black "Solberg, Joachim Krokvik"]
[Result "1-0"]
[WhiteElo "2336"]
[BlackElo "2164"]
[PlyCount "91"]
[EventDate "2024.02.27"]
[EventType "swiss (blitz)"]
[EventRounds "11"]
[EventCountry "USA"]
[SourceTitle "CB10_2024"]
[SourceDate "2024.03.06"]
[SourceVersion "1"]
[SourceVersionDate "2024.03.06"]
[SourceQuality "1"]

1. e4 d5 2. exd5 Qxd5 3. Nc3 Qd6 4. Nf3 c6 5. d4 Nf6 6. Be2 Bf5 7. 0-0 e6 8. Ne5 Be7 9. Bf4 Qd8 10. g4 Bg6 11. h4 h5 12. g5 Nd5 13. Nxg6 fxg6 14. Nxd5 Qxd5 15. Be5 0-0 16. Qd3 Nd7 17. Qxg6 Nxe5 18. dxe5 Qxe5 19. Bd3 Bd6 20. Qh7+ Kf7 21. f4 Qe3+ 22. Kg2 Ke7 23. Qxg7+ Rf7 24. Qc3 Rxf4 25. Rxf4 Qxf4 26. Qg7+ Kd8 27. Qf6+ Kc7 28. Qxf4 Bxf4 29. Rf1 Rf8 30. Be2 e5 31. Bxh5 Rg8 32. Kf3 Rd8 33. Rf2 Rd4 34. Re2 Kd6 35. Bg4 Ke7 36. Bf5 Kf7 37. Kg4 Kg7 38. h5 Bc1+ 39. Re4 Rd2 40. h6+ Kf7 41. g6+ Kf6 42. g7 Rg2+ 43. Kf3 Rg1 44. Rg4 Rf1+ 45. Ke2 Rxf5 46. g8Q 1-0

[Event "Titled Tuesday intern op 27th Feb Late"]
[Site "Chess.com INT"]
[Date "2024.02.27"]
[Round "11"]
[White "Solberg, Joachim Krokvik"]
[Black "Janaszak, Dawid"]
[Result "1-0"]
[WhiteElo "2164"]
[BlackElo "2308"]
[PlyCount "75"]
[EventDate "2024.02.27"]
[EventType "swiss (blitz)"]
[EventRounds "11"]
[EventCountry "USA"]
[SourceTitle "CB10_2024"]
[SourceDate "2024.03.06"]
[SourceVersion "1"]
[SourceVersionDate "2024.03.06"]
[SourceQuality "1"]

1. Nc3 c5 2. e4 Nc6 3. Nge2 g6 4. d4 cxd4 5. Nxd4 Bg7 6. Be3 Nf6 7. Bc4 0-0 8. Bb3 Re8 9. 0-0 d6 10. h3 Na5 11. Re1 b6 12. Qd2 Bb7 13. f3 Rc8 14. Rad1 Nc4 15. Bxc4 Rxc4 16. Qd3 Qc8 17. Qd2 a6 18. Nb3 Nd7 19. Bd4 Nf6 20. Bxb6 Nh5 21. Bd4 e5 22. Be3 Nf4 23. Kh2 Qc7 24. Qxd6 Rxc3 25. bxc3 Qxc3 26. Qb6 Qc8 27. Nc5 Ba8 28. Qxa6 Qc7 29. Qd6 Qa5 30. Qd7 Rb8 31. Nb3 Qxa2 32. Qc7 Rf8 33. Rd8 Ne6 34. Rxf8+ Bxf8 35. Qc8 Kg7 36. Nc5 Qxc2 37. Nxe6+ fxe6 38. Qxc2 1-0

[Event "Titled Tuesday intern op 27th Feb Late"]
[Site "Chess.com INT"]
[Date "2024.02.27"]
[Round "3"]
[White "Solberg, Joachim Krokvik"]
[Black "Yagupov, Igor"]
[Result "1/2-1/2"]
[WhiteElo "2164"]
[BlackElo "2290"]
[PlyCount "96"]
[EventDate "2024.02.27"]
[EventType "swiss (blitz)"]
[EventRounds "11"]
[EventCountry "USA"]
[SourceTitle "CB10_2024"]
[SourceDate "2024.03.06"]
[SourceVersion "1"]
[SourceVersionDate "2024.03.06"]
[SourceQuality "1"]

1. Nc3 c5 2. e4 Nc6 3. Nge2 g6 4. d4 cxd4 5. Nxd4 Bg7 6. Be3 Nf6 7. Bc4 0-0 8. Bb3 Re8 9. 0-0 d6 10. h3 Na5 11. Re1 Nxb3 12. axb3 a6 13. Qd2 Nd7 14. Rad1 Ne5 15. f4 Nc6 16. Nf3 b5 17. Nd5 Rb8 18. Nd4 Bb7 19. Nxc6 Bxc6 20. Bd4 e5 21. fxe5 Bxe5 22. Bxe5 Rxe5 23. Qf4 Bxd5 24. Rxd5 Qb6+ 25. Kh2 Rbe8 26. Rf1 f5 27. Rxe5 Rxe5 28. exf5 Rxf5 29. Qc1 Qc5 30. Rxf5 Qxf5 31. c3 Qe5+ 32. Kh1 d5 33. Qd2 a5 34. Qd3 b4 35. Kg1 bxc3 36. bxc3 Kf7 37. Qb5 Qe1+ 38. Kh2 Qxc3 39. Qxd5+ Ke7 40. Qb7+ Kf6 41. Qb6+ Ke5 42. Qb5+ Ke4 43. Qb7+ Kd3 44. Qxh7 Qe5+ 45. Kh1 Qe1+ 46. Kh2 Qe5+ 47. Kh1 Qe1+ 48. Kh2 Qe5+ 1/2-1/2

[Event "Titled Tuesday intern op 27th Feb Late"]
[Site "Chess.com INT"]
[Date "2024.02.27"]
[Round "4"]
[White "Zavgorodniy, Sergiy"]
[Black "Solberg, Joachim Krokvik"]
[Result "1-0"]
[WhiteElo "2401"]
[BlackElo "2164"]
[PlyCount "153"]
[EventDate "2024.02.27"]
[EventType "swiss (blitz)"]
[EventRounds "11"]
[EventCountry "USA"]
[SourceTitle "CB10_2024"]
[SourceDate "2024.03.06"]
[SourceVersion "1"]
[SourceVersionDate "2024.03.06"]
[SourceQuality "1"]

1. d4 d5 2. c4 e6 3. Nf3 Nf6 4. e3 c5 5. dxc5 Bxc5 6. a3 a5 7. Nc3 Nc6 8. cxd5 exd5 9. Be2 0-0 10. Nb5 Be6 11. 0-0 Ne4 12. b3 Qb6 13. Bb2 Rac8 14. Rc1 Rfd8 15. Nfd4 Nxd4 16. Nxd4 Bf8 17. Rxc8 Rxc8 18. Bg4 Bxg4 19. Qxg4 Rd8 20. Rd1 Qf6 21. Qf3 Qb6 22. h3 Rc8 23. Qg4 Rd8 24. Nf5 Qg6 25. Qxg6 hxg6 26. Nd4 Rc8 27. f3 Nf6 28. Kf2 Bd6 29. Ke2 Kf8 30. Kd3 Ke7 31. Nb5 Ke6 32. Nxd6 Kxd6 33. Bxf6 gxf6 34. h4 b5 35. Ra1 Rh8 36. g3 Rc8 37. g4 b4 38. axb4 axb4 39. Kd4 Rc3 40. Ra6+ Ke7 41. Ra7+ Kf8 42. Rd7 Rxb3 43. Rxd5 Rb1 44. Rd8+ Kg7 45. Rb8 b3 46. Ke4 b2 47. Kf4 Kh7 48. e4 Kg7 49. Rb7 Kg8 50. h5 Kg7 51. hxg6 Kxg6 52. Rb6 Kg7 53. Rb5 Kg6 54. Rb3 Kg7 55. Rb8 Kg6 56. Rb4 Kg7 57. Rb6 Rc1 58. Rxb2 Rc5 59. Rb6 Ra5 60. Rd6 Rc5 61. Rd5 Rc3 62. Rd4 Rc6 63. Kf5 Ra6 64. Rd5 Rb6 65. Rc5 Ra6 66. f4 Rb6 67. Ra5 Rc6 68. Rb5 Ra6 69. Rd5 Rc6 70. g5 fxg5 71. Kxg5 Rb6 72. e5 Rc6 73. f5 f6+ 74. exf6+ Rxf6 75. Rd7+ Rf7 76. f6+ Kf8 77. Rd8# 1-0

[Event "Berlin Werner Ott op"]
[Site "Berlin"]
[Date "2023.07.17"]
[Round "3"]
[White "Solberg, Joachim Krokvik"]
[Black "Gebigke, Martin"]
[Result "0-1"]
[WhiteElo "2172"]
[BlackElo "2074"]
[PlyCount "62"]
[EventDate "2023.07.15"]
[EventType "swiss"]
[EventRounds "9"]
[EventCountry "GER"]
[SourceTitle "EXT 2024"]
[Source "ChessBase"]
[SourceDate "2023.10.10"]
[SourceVersion "1"]
[SourceVersionDate "2023.10.10"]
[SourceQuality "1"]

1. e4 c5 2. Nf3 d6 3. d4 cxd4 4. Nxd4 Nf6 5. Nc3 Nc6 6. Bg5 e6 7. Qd2 a6 8. 0-0-0 Bd7 9. f3 Nxd4 10. Qxd4 Be7 11. h4 Qc7 12. Kb1 b5 13. Bd3 0-0 14. g4 b4 15. Ne2 a5 16. h5 Rfc8 17. h6 e5 18. Qg1 g6 19. Qf1 Be6 20. Be3 a4 21. Rc1 Qb7 22. g5 Nd5 23. exd5 Qxd5 24. Rd1 Qxa2+ 25. Kc1 d5 26. Rg1 b3 27. Kd2 Qxb2 28. Ke1 bxc2 29. Rc1 a3 30. Kf2 a2 31. Kg2 Ra3 0-1

[Event "Berlin Werner Ott op"]
[Site "Berlin"]
[Date "2023.07.16"]
[Round "2"]
[White "Thaer, Abdulkadhim Ismaeel"]
[Black "Solberg, Joachim Krokvik"]
[Result "0-1"]
[WhiteElo "1944"]
[BlackElo "2172"]
[PlyCount "54"]
[EventDate "2023.07.15"]
[EventType "swiss"]
[EventRounds "9"]
[EventCountry "GER"]
[SourceTitle "EXT 2024"]
[Source "ChessBase"]
[SourceDate "2023.10.10"]
[SourceVersion "1"]
[SourceVersionDate "2023.10.10"]
[SourceQuality "1"]

1. Nf3 Nf6 2. c4 e6 3. g3 b6 4. Bg2 Bb7 5. 0-0 Be7 6. b3 0-0 7. Bb2 d5 8. cxd5 exd5 9. d4 c5 10. Nc3 Nbd7 11. Rc1 Re8 12. Qd3 Ne4 13. Rfd1 Bf6 14. e3 Rc8 15. Ne2 Qe7 16. Nf4 c4 17. bxc4 dxc4 18. Qa3 c3 19. Qxe7 Bxe7 20. Ba1 c2 21. Rf1 Ba3 22. Nd3 Ba6 23. Bb2 Bxb2 24. Nxb2 Bxf1 25. Bxf1 Nc3 26. Bc4 Rxc4 27. Rxc2 Rcc8 0-1

[Event "Berlin Teschner Memorial"]
[Site "Berlin"]
[Date "2023.05.20"]
[Round "6"]
[White "Polzin, Rainer"]
[Black "Solberg, Joachim Krokvik"]
[Result "1/2-1/2"]
[WhiteElo "2401"]
[BlackElo "2158"]
[PlyCount "125"]
[EventDate "2023.05.18"]
[EventType "swiss"]
[EventRounds "7"]
[EventCountry "GER"]
[SourceTitle "CBM 214 Extra"]
[Source "ChessBase"]
[SourceDate "2023.07.31"]
[SourceVersion "1"]
[SourceVersionDate "2023.07.31"]
[SourceQuality "1"]

1. e4 c5 2. Nf3 Nc6 3. d4 cxd4 4. Nxd4 Nf6 5. Nc3 e5 6. Ndb5 d6 7. Bg5 a6 8. Na3 b5 9. Nd5 Be7 10. Bxf6 Bxf6 11. c4 b4 12. Nc2 a5 13. g3 Bg5 14. h4 Bh6 15. Bh3 Be6 16. Kf1 0-0 17. Kg2 Kh8 18. Qd3 Ne7 19. Bxe6 fxe6 20. Nxe7 Qxe7 21. Rad1 Rad8 22. Qe2 Qb7 23. Rd3 Qc6 24. b3 d5 25. Rhd1 d4 26. Rf1 Rf6 27. Ne1 Rdf8 28. Nf3 Qc7 29. Nh2 Qf7 30. Rf3 Rxf3 31. Nxf3 Qc7 32. Ne1 g6 33. Nd3 Qd6 34. h5 Kg7 35. hxg6 hxg6 36. Qg4 Kf7 37. c5 Qc7 38. c6 Bg7 39. Rc1 Rc8 40. Rc5 Qd6 41. Rxa5 Rxc6 42. Ra7+ Rc7 43. Rxc7+ Qxc7 44. Nxb4 Qa5 45. Qf3+ Ke8 46. Nd3 Qxa2 47. Nc5 Qc2 48. b4 Bf8 49. Nd3 Bg7 50. Kh3 Ke7 51. Nc5 Qb1 52. Nd3 Bf6 53. Kg2 Bg7 54. Qe2 Qb3 55. Kh3 Bf6 56. Qd2 Qb1 57. Kg2 Qb3 58. Kf3 Qb1 59. Ke2 Qh1 60. Nc5 Qb1 61. Nd3 Qh1 62. Nc5 Qb1 63. Nd3 1/2-1/2

[Event "Malmo op"]
[Site "Malmo"]
[Date "2022.12.16"]
[Round "3"]
[White "Solberg, Joachim Krokvik"]
[Black "Pastar, Slaven"]
[Result "1/2-1/2"]
[WhiteElo "2124"]
[BlackElo "2365"]
[PlyCount "139"]
[EventDate "2022.12.16"]
[EventType "swiss"]
[EventRounds "8"]
[EventCountry "SWE"]
[SourceTitle "CBM 211 Extra"]
[Source "ChessBase"]
[SourceDate "2023.01.31"]
[SourceVersion "1"]
[SourceVersionDate "2023.01.31"]
[SourceQuality "1"]

1. Nc3 b6 2. e4 Bb7 3. d4 e6 4. Nf3 Bb4 5. Bd3 Nf6 6. Qe2 d5 7. exd5 Qxd5 8. Bd2 Qh5 9. Ne4 Bxd2+ 10. Nexd2 Nd5 11. g3 Nb4 12. Be4 Bxe4 13. Qxe4 Qd5 14. Qxd5 Nxd5 15. 0-0-0 Nd7 16. Rhe1 0-0-0 17. Nc4 Kb7 18. Nce5 Nxe5 19. Nxe5 Rhf8 20. c3 Nf6 21. f3 Nd7 22. Nxd7 Rxd7 23. f4 Rfd8 24. Kc2 h5 25. Re5 g6 26. b4 Rh8 27. h3 c6 28. a4 Rc8 29. g4 hxg4 30. hxg4 Rh8 31. f5 exf5 32. gxf5 g5 33. f6 Rh6 34. Rxg5 Rxf6 35. Rd2 Re7 36. Re5 Ree6 37. Rxe6 Rxe6 38. Rf2 f6 39. Rf5 Kc7 40. Kd3 Kd6 41. a5 b5 42. d5 cxd5 43. Rh5 a6 44. Rf5 Kc6 45. Kd4 Rd6 46. Rh5 Kd7 47. Rh6 Ke6 48. Rh5 Rc6 49. Rh7 Rc4+ 50. Kd3 d4 51. cxd4 Rxb4 52. Ra7 f5 53. Rxa6+ Kd5 54. Rb6 Rxd4+ 55. Kc3 Rc4+ 56. Kb3 Kc5 57. Rf6 Rb4+ 58. Kc3 Rc4+ 59. Kb3 f4 60. a6 Ra4 61. a7 Kd5 62. Rxf4 Rxa7 63. Rf5+ Kc6 64. Kb4 Ra4+ 65. Kb3 Rh4 66. Rf8 Rh3+ 67. Kb4 Rh4+ 68. Kb3 Kc5 69. Rc8+ Kb6 70. Ra8 1/2-1/2

[Event "Oberliga Ost-A 2122"]
[Site "Germany"]
[Date "2022.04.30"]
[Round "2.4"]
[White "Solberg, Joachim Krokvik"]
[Black "Dietze, Frank"]
[Result "0-1"]
[WhiteElo "2189"]
[BlackElo "2057"]
[PlyCount "84"]
[EventDate "2021.10.10"]
[EventType "team-tourn"]
[EventRounds "11"]
[EventCountry "GER"]
[SourceTitle "EXT 2023"]
[Source "ChessBase"]
[SourceDate "2022.10.05"]
[SourceVersion "1"]
[SourceVersionDate "2022.10.05"]
[SourceQuality "1"]
[WhiteTeam "Nickelhuette Aue"]
[BlackTeam "Leipzig SG II"]
[WhiteTeamCountry "GER"]
[BlackTeamCountry "GER"]

1. e4 c5 2. c3 d5 3. exd5 Qxd5 4. d4 Nf6 5. Nf3 Nc6 6. Be2 e6 7. 0-0 cxd4 8. cxd4 Be7 9. Nc3 Qd8 10. a3 0-0 11. h3 b6 12. Be3 Bb7 13. Rc1 Nd5 14. Nxd5 Qxd5 15. Qa4 Bf6 16. Rfd1 Ne7 17. Ne1 Qd6 18. Bf3 Bxf3 19. Nxf3 Rfd8 20. Ng5 Qd5 21. Nf3 Nf5 22. Qc2 h6 23. Qa4 Nh4 24. Nxh4 Bxh4 25. Rc7 b5 26. Qa5 a6 27. Rdc1 Bf6 28. Rd1 e5 29. Rc5 Qb3 30. Rd2 exd4 31. Bf4 Qe6 32. Rd1 Rd5 33. Rcc1 Qe4 34. Qc7 d3 35. Re1 Qa4 36. Qc6 Rad8 37. Re8+ Kh7 38. Rxd8 Rxd8 39. Bd2 Bxb2 40. Re1 Qc2 41. Qe4+ Kg8 42. Qf4 Bxa3 0-1

[Event "Oberliga Ost-A 2122"]
[Site "Germany"]
[Date "2022.04.02"]
[Round "10.6"]
[White "Sieber, Martin1111"]
[Black "Solberg, Joachim Krokvik"]
[Result "1-0"]
[WhiteElo "1922"]
[BlackElo "2189"]
[PlyCount "63"]
[EventDate "2021.10.10"]
[EventType "team-tourn"]
[EventRounds "11"]
[EventCountry "GER"]
[SourceTitle "EXT 2023"]
[Source "ChessBase"]
[SourceDate "2022.10.05"]
[SourceVersion "1"]
[SourceVersionDate "2022.10.05"]
[SourceQuality "1"]
[WhiteTeam "Magdeburg Aufbau Elbe II"]
[BlackTeam "Nickelhuette Aue"]
[WhiteTeamCountry "GER"]
[BlackTeamCountry "GER"]

1. d4 Nf6 2. c4 e6 3. Nf3 d5 4. g3 dxc4 5. Qa4+ c6 6. Qxc4 b5 7. Qc2 Bb7 8. Bg2 Be7 9. 0-0 0-0 10. a3 Nbd7 11. Nc3 a5 12. Rd1 Nd5 13. Ne4 h6 14. Nc5 Nxc5 15. dxc5 Qb8 16. e4 Nf6 17. Bf4 Qa7 18. Bd6 Bxd6 19. Rxd6 Rac8 20. Rad1 Ba8 21. Ne5 Qb8 22. Qd2 b4 23. axb4 axb4 24. Nd7 Nxd7 25. Rxd7 Qb5 26. Qd4 Rb8 27. Bf1 Qa5 28. Bc4 b3 29. Bxe6 Bb7 30. Bxf7+ Rxf7 31. Qc4 Rbf8 32. Rxb7 1-0

[Event "NOR-chT Elite 2122"]
[Site "Norway"]
[Date "2022.03.04"]
[Round "7.4"]
[White "Fossan, Aleksander"]
[Black "Solberg, Joachim Krokvik"]
[Result "1/2-1/2"]
[WhiteElo "2128"]
[BlackElo "2221"]
[PlyCount "64"]
[EventDate "2021.10.28"]
[EventType "team-tourn"]
[EventRounds "9"]
[EventCountry "NOR"]
[SourceTitle "EXT 2024"]
[Source "ChessBase"]
[SourceDate "2023.10.10"]
[SourceVersion "1"]
[SourceVersionDate "2023.10.10"]
[SourceQuality "1"]
[WhiteTeam "Stavanger"]
[BlackTeam "Alta"]
[WhiteTeamCountry "NOR"]
[BlackTeamCountry "NOR"]

1. e4 c5 2. c3 Nf6 3. e5 Nd5 4. d4 cxd4 5. Nf3 Nc6 6. Bc4 Nb6 7. Bb3 d5 8. exd6 e6 9. cxd4 Bxd6 10. 0-0 0-0 11. Nc3 Nd5 12. Re1 Be7 13. Be3 b6 14. Nxd5 exd5 15. Ne5 Nxe5 16. dxe5 Be6 17. Qd3 Qd7 18. h3 Rfd8 19. Red1 Rac8 20. Bd4 Bc5 21. Rac1 Bxd4 22. Qxd4 Rxc1 23. Rxc1 Rc8 24. Rc3 Rxc3 25. bxc3 g6 26. h4 h5 27. Kh2 Qb5 28. f3 Kh7 29. Bc2 Qe2 30. Bb3 Qb5 31. Bc2 Qe2 32. Bb3 Qb5 1/2-1/2

[Event "Hasselbacken op"]
[Site "Stockholm"]
[Date "2021.11.05"]
[Round "3"]
[White "Seo, Jung Min"]
[Black "Solberg, Joachim Krokvik"]
[Result "1-0"]
[WhiteElo "2455"]
[BlackElo "2222"]
[PlyCount "83"]
[EventDate "2021.11.05"]
[EventType "swiss"]
[EventRounds "8"]
[EventCountry "SWE"]
[SourceTitle "CBM 205 Extra"]
[Source "ChessBase"]
[SourceDate "2022.01.31"]
[SourceVersion "1"]
[SourceVersionDate "2022.01.31"]
[SourceQuality "1"]

1. e4 c5 2. Nf3 Nc6 3. Bb5 e6 4. 0-0 Nge7 5. c3 a6 6. Be2 d5 7. exd5 Nxd5 8. d4 Nf6 9. Be3 cxd4 10. Nxd4 Bd7 11. Bf3 Qc7 12. Nd2 Bd6 13. h3 Ne5 14. Bg5 Nxf3+ 15. Qxf3 Be7 16. Rfe1 Bc6 17. Nxc6 Qxc6 18. Qxc6+ bxc6 19. Bxf6 gxf6 20. Nc4 0-0-0 21. Rad1 Kc7 22. Kf1 Rxd1 23. Rxd1 Rd8 24. Rxd8 Bxd8 25. Ke2 Be7 26. Kd3 Bc5 27. f3 Kd7 28. g4 Ke7 29. b4 Ba7 30. Na5 Kd6 31. Kc4 Kc7 32. a4 Bb6 33. Nb3 Be3 34. Nc5 Bf2 35. a5 Bxc5 36. Kxc5 f5 37. gxf5 exf5 38. c4 f6 39. f4 h6 40. h4 h5 41. b5 cxb5 42. cxb5 1-0